banner-ar

المشاركة: استعمار جديد / (Record no. 51619)

MARC details
000 -الفاتح
حقل البيانات ثابتة الطول 00531nam a2200181Ia 4500
008 - عناصر البيانات ثابتة الطول - معلومات عامة
حقل البيانات ثابتة الطول 140319s9999 xx 000 0 ara d
040 ## - مصدر الفهرسة
وكالة الفهرسة الأصلية GCL /
وكالة النسخ GCL
082 04 - رقم تصنيف ديوى العشرى
رقم التصنيف 327.1011
رقم المادة ف م
100 1# - المدخل الرئيسى - إسم شخصى
الإسم الشخصى فؤاد مرسى
245 10 - بيان العنوان
العنوان المشاركة: استعمار جديد /
بيان المسئوليه,etc فؤاد مرسى
300 ## - الوصف المادى
التعداد 48 ص
490 ## - بيان السلسلة
عنوان السلسلة قضايا اقتصادية
رقم المجلد/ التعيين التسلسلي 0
650 04 - المدخل الاضافى بالموضوع-مصطلح موضوعى
مصطلح موضوعي الدول النامية
650 04 - المدخل الاضافى بالموضوع-مصطلح موضوعى
مصطلح موضوعي الاستعمار الجديد
650 04 - المدخل الاضافى بالموضوع-مصطلح موضوعى
مصطلح موضوعي المشاركة السياسية
942 ## - عناصر المدخل الإضافي( كوها)
مصدر التصنيف او مخطط الترفيف Dewey Decimal Classification
Koha [default] item type كتاب
Holdings
حالة التراجع حالة الفقد حالة تلف ليس للاعارة المكان المؤقت الموقع الحالى تاريخ الاكتساب اجمالي اﻻعارات رقم الطلب الباركود تاريخ اخر مشاهدة تاريخ تفعيل السعر نوع وعاء كوها
        مكتبة القاهرة الكبرى مكتبة القاهرة الكبرى 03/26/2014   327.1011\ف م 123572 03/26/2014 03/26/2014 كتاب

Powered By

EGPV